|
|
|
|
| LEADER |
02496nam a2200685 i 4500 |
| 001 |
nkc20213351634 |
| 003 |
CZ PrNK |
| 005 |
20211109072326.0 |
| 007 |
ta |
| 008 |
210913s2021 xr acfhe 000 0acze |
| 015 |
|
|
|a cnb003351634
|
| 020 |
|
|
|a 978-80-265-1003-1
|q (brožováno) :
|c Kč 299,00
|
| 035 |
|
|
|a (OCoLC)1284974954
|
| 040 |
|
|
|a BOA001
|b cze
|d ABA001
|e rda
|
| 043 |
|
|
|a e-xr---
|a n-us---
|a x------
|
| 045 |
|
|
|a y-y-
|
| 072 |
|
7 |
|a 929
|x Biografie
|2 Konspekt
|9 8
|
| 080 |
|
|
|a (=612.91)-055.2
|2 MRF
|
| 080 |
|
|
|a 791/792.071.2-055.2
|2 MRF
|
| 080 |
|
|
|a 658.114-055.2
|2 MRF
|
| 080 |
|
|
|a 316.347
|2 MRF
|
| 080 |
|
|
|a 37.018.556
|2 MRF
|
| 080 |
|
|
|a 658.114
|2 MRF
|
| 080 |
|
|
|a 929
|2 MRF
|
| 080 |
|
|
|a (437.3)
|2 MRF
|
| 080 |
|
|
|a (73)
|2 MRF
|
| 080 |
|
|
|a (100)
|2 MRF
|
| 080 |
|
|
|a (092)
|2 MRF
|
| 100 |
1 |
|
|a Thu Nguyen, Anna,
|d 1992-
|7 xx0264197
|4 aut
|
| 245 |
1 |
0 |
|a Outsider /
|c Anna Thu Nguyenová, Ondřej Novotný
|
| 250 |
|
|
|a 1. vydání
|
| 264 |
|
1 |
|a Brno :
|b BizBooks,
|c 2021
|
| 300 |
|
|
|a 143 stran, 16 nečíslovaných stran obrazových příloh :
|b ilustrace (převážně barevné), portréty, faksimile ;
|c 21 cm
|
| 336 |
|
|
|a text
|b txt
|2 rdacontent
|
| 337 |
|
|
|a bez média
|b n
|2 rdamedia
|
| 338 |
|
|
|a svazek
|b nc
|2 rdacarrier
|
| 546 |
|
|
|a Český text
|
| 600 |
1 |
7 |
|a Thu Nguyen, Anna,
|d 1992-
|7 xx0264197
|2 czenas
|
| 648 |
|
7 |
|a 21. století
|7 ch460559
|2 czenas
|
| 650 |
0 |
7 |
|a Vietnamky
|7 ph975323
|z Česko
|y 21. století
|2 czenas
|
| 650 |
0 |
7 |
|a herečky
|7 ph120685
|z Česko
|y 21. století
|2 czenas
|
| 650 |
0 |
7 |
|a podnikatelky
|7 ph115869
|z Česko
|y 21. století
|2 czenas
|
| 650 |
0 |
7 |
|a národní identita
|7 ph117245
|2 czenas
|
| 650 |
0 |
7 |
|a zahraniční studium
|7 ph127525
|z Spojené státy americké
|2 czenas
|
| 650 |
0 |
7 |
|a podnikání
|7 ph115766
|z země světa
|2 czenas
|
| 650 |
0 |
9 |
|a Vietnamese women
|z Czechia
|y 21st century
|2 eczenas
|
| 650 |
0 |
9 |
|a actresses
|z Czechia
|y 21st century
|2 eczenas
|
| 650 |
0 |
9 |
|a businesswomen
|z Czechia
|y 21st century
|2 eczenas
|
| 650 |
0 |
9 |
|a national identity
|2 eczenas
|
| 650 |
0 |
9 |
|a foreign study
|z United States
|2 eczenas
|
| 650 |
0 |
9 |
|a business
|z countries of the world
|2 eczenas
|
| 655 |
|
7 |
|a autobiografie
|7 fd131855
|2 czenas
|
| 655 |
|
9 |
|a autobiography
|2 eczenas
|
| 700 |
1 |
|
|a Novotný, Ondřej
|7 xx0264198
|4 aut
|
| 910 |
2 |
|
|a BOA001
|b 2-1474.015
|
| 928 |
9 |
|
|a Albatros Media - BizBooks
|
| 990 |
|
|
|a BK
|
| 995 |
|
|
|a 01
|
| 991 |
|
|
|b 202109
|c NOV
|
| 996 |
6 |
|
|b 2610879265
|c 2-1474.015
|l MZK
|r Sklad / do 1 hodiny
|n 2
|p p.v.
|w 001864113
|u 000010
|a 1
|e BOA001
|j MZK50
|s P
|